Campañas en los Pirineos a finales del siglo XVIII (Record no. 39068)

MARC details
000 -LEADER
campo de control de longitud fija 01000nam a2200205 i 4500
001 - NÚMERO DE CONTROL
campo de control 39068
003 - IDENTIFICADOR DE NÚMERO DE CONTROL
campo de control ES-MaACL
005 - FECHA Y HORA DE LA ÚLTIMA TRANSACCIÓN
campo de control 20230906155902.0
007 - CAMPO FIJO DE DESCRIPCIÓN FÍSICA--INFORMACIÓN GENERAL
campo de control de longitud fija t|
008 - DATOS DE LONGITUD FIJA--INFORMACIÓN GENERAL
campo de control de longitud fija 030227m19491954sp ||||1| spa d
245 00 - MENCIÓN DEL TÍTULO
Título Campañas en los Pirineos a finales del siglo XVIII
Resto del título : 1793-1795 /
Mención de responsabilidad, etc. Estado Mayor Central del Ejército.
260 ## - PUBLICACIÓN, DISTRIBUCIÓN, ETC.
Lugar de publicación, distribución, etc. Madrid :
Nombre del editor, distribuidor, etc. Servicio Historico Militar,
Fecha de publicación, distribución, etc. 1949-1954.
300 ## - DESCRIPCIÓN FÍSICA
Extensión 4 v. ;
Dimensiones 28 cm.
500 ## - NOTA GENERAL
Nota general Precede al tít.: Estado Mayor Central del Ejército.
505 8# - NOTA DE CONTENIDO CON FORMATO
Nota de contenido con formato Contiene: I. Antecedentes.- 341 pág. + 24 lám. II. Campaña del Rosellón. 862 pág. III. Campaña de Cataluña: Vol. I 1793-95 ; II: 1793-95 9(46:44 ; "1793/95" 355.48(46:44)"1793/95" IV. La guerra en los Pirineos Occidentales y centrales. Síntesis final
650 #4 - PUNTO DE ACCESO ADICIONAL DE MATERIA--TÉRMINO DE MATERIA
Término de materia o nombre geográfico como elemento de entrada Guerra de la primera coalición, 1792-1797-
Subdivisión general Campañas-
Subdivisión geográfica España.
9 (RLIN) 143162
710 1# - ENTRADA AGREGADA--NOMBRE DE ENTIDAD CORPORATIVA
Nombre de entidad corporativa o nombre de jurisdicción como elemento de entrada España.
Unidad subordinada Servicio Histórico Militar.
9 (RLIN) 3980
852 ## - LOCALIZACIÓN
Ubicación ES-MaACL
Número de control de estantería P-1011
Sublocalización o colección R.45948
852 ## - LOCALIZACIÓN
Ubicación ES-MaACL
Número de control de estantería P-764-Bis
Nota libre .- (2 v.)
Holdings
Estatus retirado Estado de pérdida Estado de daño No para préstamo Biblioteca de origen Biblioteca actual Ubicación en estantería Fecha de adquisición Fuente de adquisición Total de préstamos Signatura topográfica completa Código de barras Visto por última vez Precio de reemplazo Tipo de ítem Koha
        Biblioteca del Ateneo de Madrid Biblioteca del Ateneo de Madrid Depósito 2 05/09/2019     P-764-Bis 1201074 23/02/2023 23/02/2023 Libro impreso
        Biblioteca del Ateneo de Madrid Biblioteca del Ateneo de Madrid Depósito 2 17/01/2008     P-1011 1041143 23/02/2023 23/02/2023 Libro impreso